| 000 | 00503nam a2200169 i 4500 | ||
|---|---|---|---|
| 001 | 47216 | ||
| 003 | ES-MaACL | ||
| 005 | 20240409133114.0 | ||
| 007 | t| | ||
| 008 | 030404s1973 sp ||||1| spa d | ||
| 245 | 0 | 0 |
_aConvergencias, divergencias, incidencias / _cedición a cargo de Julio Ortega. |
| 260 |
_aBarcelona : _bTusquets, _c1973. |
||
| 300 |
_a379 p. ; _c19 cm. |
||
| 700 | 0 |
_aOrtega, Julio, _d1942- _987416 |
|
| 852 |
_aES-MaACL _jC-54540 _bR.87182 |
||
| 999 |
_c47216 _d47216 |
||